000 00354nam a2200133 a 4500
005 20140414131929.0
008 100922s19uu xx 00 eng d
050 _aFIC
_bR85 1999
100 _aWillson, Sarah
245 _aRugrats: the perfect formula.
260 _aNew York :
_bNickelodeon,
_c2000.
440 _aRugrats chapter book
999 _c112161
_d112161